Online
Catalog

Cayo Confite y Luperón : (Record no. 57531)

MARC details
000 -CABECERA
campo de control de longitud fija 02187nam a2200337 i 4500
003 - IDENTIFICADOR DEL NÚMERO DE CONTROL
campo de control DO-SdBNP
005 - FECHA Y HORA DE LA ÚLTIMA TRANSACCIÓN
campo de control 20240822142820.0
007 - CAMPO FIJO DE DESCRIPCIÓN FÍSICA--INFORMACIÓN GENERAL
campo de control de longitud fija ta
008 - DATOS DE LONGITUD FIJA--INFORMACIÓN GENERAL
campo de control de longitud fija 240822t2024 dr aoc|| |||| 00| 0 spa d
020 ## - NÚMERO INTERNACIONAL ESTÁNDAR DEL LIBRO
Número Internacional Estándar del Libro 9789945937848
040 ## - FUENTE DE LA CATALOGACIÓN
Centro catalogador/agencia de origen DO-SdBNP
Lengua de catalogación spa
Centro/agencia transcriptor BNPHU
Normas de descripción rda
082 #4 - NÚMERO DE LA CLASIFICACIÓN DECIMAL DEWEY
Número de edición 22
Número de documento/Ítem A795C
100 ## - ENTRADA PRINCIPAL--NOMBRE DE PERSONA
Nombre de persona Arvelo, Tulio H
9 (RLIN) 52435
Término indicativo de función/relación autor
245 10 - MENCIÓN DE TÍTULO
Título Cayo Confite y Luperón :
Resto del título memorias de un expedicionario /
Mención de responsabilidad, etc. Tulio H. Arvelo; prólogo, José Espaillat.
250 ## - MENCIÓN DE EDICIÓN
Mención de edición 2a. edición
264 #1 - PRODUCCIÓN, PUBLICACIÓN, DISTRIBUCIÓN, FABRICACIÓN Y COPYRIGHT
Producción, publicación, distribución, fabricación y copyright Santo Domingo :
Nombre del de productor, editor, distribuidor, fabricante Museo Memorial de la Resistencia Dominicana,
-- Búho,
Fecha de producción, publicación, distribución, fabricación o copyright 2024.
300 ## - DESCRIPCIÓN FÍSICA
Extensión 278 páginas :
Otras características físicas ilustraciones, retratos, fotografías ;
Dimensiones 23 cm.
336 ## - TIPO DE CONTENIDO
Fuente rdacontent
Término de tipo de contenido texto
Código de tipo de contenido txt
337 ## - TIPO DE MEDIO
Fuente rdamedia
Nombre/término del tipo de medio sin mediación
Código del tipo de medio n
338 ## - TIPO DE SOPORTE
Fuente rdacarrier
Nombre/término del tipo de soporte volumen
Código del tipo de soporte nc
490 0# - MENCIÓN DE SERIE
Mención de serie Museo Memorial de la Resistencia Dominicana
Designación de volumen o secuencia 13
500 ## - NOTA GENERAL
Nota general Incluye datos biografícos del autor en las solapas.
500 ## - NOTA GENERAL
Nota general Reeditado con motivo del 75 aniversario de la expedición de Luperón de 1949.
505 ## - NOTA DE CONTENIDO CON FORMATO
Título Presentación --
-- Prólogo.--
-- Aclaración Preliminar.--
-- Preludios de un tiranía.--
-- Mi primer viaje al extranjero.--
-- El camino hacia el cayo.--
-- La vida en Cayo Confite.--
-- El comienzo del fin.--
-- Estampidas en el Cayo.--
-- En busca de nueva oportunidades.--
-- Diligencias en la Habana.--
-- Diligencias en México.--
-- Últimos preparativos de la invasión.--
-- El Lago Izabal.--
-- El desembarco.--
-- La fuga a través de los montes.--
-- La captura.--
-- Respuesta a algunas interrogantes.--
-- Traslado a Puerto Plata y a Santiago.--
-- Traslado a Santo Domingo.--
-- El proceso y la sentencia.--
-- Agilidad mental de Miguelucho.--
-- Infiltración trujillista en el Frente Interno.--
-- De nuevo hacia el exilio. --
-- Situación actual y destino de algunas de las personas mencionadas en este relato. --
-- Publicaciones del Museo Memorial de la Resistencia Dominicana /
590 ## - NOTA LOCAL (RLIN)
Nota local Inventariado 2024 / YL
600 10 - PUNTO DE ACCESO ADICIONAL DE MATERIA--NOMBRE DE PERSONA
Nombre de persona Luperón, Gregorio,
Fechas asociadas al nombre 1839-1897
9 (RLIN) 888
Subdivisión de forma Cayo Confites
650 #4 - PUNTO DE ACCESO ADICIONAL DE MATERIA--TÉRMINO DE MATERIA
Término de materia o nombre geográfico como elemento de entrada Cayo Confites (Movimiento Militar)
Subdivisión geográfica República Dominicana
Subdivisión general Historia
9 (RLIN) 76516
700 14 - PUNTO DE ACCESO ADICIONAL--NOMBRE DE PERSONA
Nombre de persona Espaillat, José,
9 (RLIN) 44951
Término indicativo de función/relación prólogo
910 ## - DATOS DE OPCIÓN DEL USUARIO (OCLC)
Datos de opción del usuario YLockward
942 ## - ELEMENTOS DE PUNTO DE ACCESO ADICIONAL (KOHA)
Fuente del sistema de clasificación o colocación Dewey Decimal Classification
Tipo de ítem Koha Libro
Holdings
Estado de retiro Estado de pérdida Fuente del sistema de clasificación o colocación Restricciones de uso No para préstamo Código de colección Localización permanente Ubicación/localización actual Ubicación en estantería Fecha de adquisición Fuente de adquisición Total de préstamos Signatura topográfica completa Código de barras Fecha visto por última vez Precio válido a partir de Tipo de ítem Koha Número de copia
    Dewey Decimal Classification Excluido de préstamo   Patrimonio Dominicano Biblioteca Nacional Pedro Henríquez Ureña Biblioteca Nacional Pedro Henríquez Ureña En catalogación 06.08.2024 Deposito Legal   BNPHU PD A795C 2024-5056 22.08.2024 22.08.2024 Libro  
    Dewey Decimal Classification Excluido de préstamo   Patrimonio Dominicano Biblioteca Nacional Pedro Henríquez Ureña Biblioteca Nacional Pedro Henríquez Ureña En catalogación 06.08.2024 Deposito Legal   BNPHU PD A795C 2024-5057 22.08.2024 22.08.2024 Libro e. 2
    Dewey Decimal Classification Préstamo en sala   Dominicana de Servicio Biblioteca Nacional Pedro Henríquez Ureña Biblioteca Nacional Pedro Henríquez Ureña En catalogación 06.08.2024 Deposito Legal   BNPHU DS A795C 2024-5058 22.08.2024 22.08.2024 Libro e. 3

Powered by Koha